NATO Standard Issue Service Rilfes - Statistics

General Stats
  • This quiz has been taken 14 times
  • The average score is 3 of 35
Answer Stats
Country Rifle % Correct
North Macedonia M4
100%
Greece M4A1
45%
USA M4A1/XM7
45%
Latvia G36
27%
Lithuania G36
27%
UK L85A2/L85A3
27%
France HK416
18%
Norway HK416
18%
USMC M27
9%
Finland RK62
9%
Sweden AK24
0%
Bulgaria AR-M1
0%
Italy ARX-160
0%
Albania ASH 78
0%
Netherlands C7NLD
0%
Denmark C8A1
0%
Canada C8A3
0%
Czech Republic CZ BREN 2
0%
Hungary CZ BREN 2
0%
Slovenia F2000S/FN SCAR-L/FN SCAR-H
0%
Poland FB Beryl
0%
Belgium FN SCAR-L
0%
Portugal FN SCAR-L
0%
Spain G36E
0%
Luxembourg HK416A7
0%
Germany HK416A8
0%
Japan Howa Type 89
0%
Estonia LMT R-20
0%
Turkey MPT-76
0%
Turkey MPT-76
0%
Romania PA 86
0%
Austria STG 77
0%
Montenegro Tara TM4
0%
Croatia VHS-2
0%
Slovakia VZ 58
0%
No matching quizzes found
Score Distribution
Percent of People with Each Score
Percentile by Number Answered
Your Score History
You have not taken this quiz